000
00296nam a2200109Ia 4500
008
171211s9999 xx 000 0 und d
245
_a
PaintShop Pro X6 for Photographers
245
_c
Ken McMahon
260
_c
2014
650
_x
cinema
856
_u
http://down.ebook777.com/063/9780415745253.pdf
999
_c
348736
_d
348736